• 首页
  • 本馆介绍
  • 公告通知
  • 最新文献
  • 馆藏检索
  • 电子资源
  • 读者导购
  • 参考咨询
  • 我的图书馆
  • 登录
  • 详细信息显示
  • 放入我的书架
  • 预约/预借图书
  • 作者相关作品
  • 分类相关作品
  • 丛书相关作品
  • 出版社相关作品

书目信息

  • 表格格式
  • 工作单格式
  • 卡片格式
题名:
现代教育国际创新模式与培育管理制度全集 上
    
 
作者: 黄雨三 主编
分册:  
出版信息: 银川   宁夏大地音像出版社  2004.03
页数: 488页
开本: 27cm
丛书名:
单 册:
中图分类: G521
科图分类:
主题词: 教育事业--世界
电子资源:
ISBN: 7-88619-121-8
000 00654nam0 2200193 450
001 0458209690
005 20040927161009.04
010    @a7-88619-121-8@dCNY266.00@b精装
100    @a20040927d2004 km y0chiy0120 ea
101 0  @achi
102    @aCN@b630000
200 1  @a现代教育国际创新模式与培育管理制度全集 上@Axian dai jiao yu guo ji chuang xin mo shi yu pei yu guan li zhi du quan ji shang@f黄雨三主编@Fhuang yu san zhu bian
210    @a银川@c宁夏大地音像出版社@d2004.03
215    @a488页@d27cm@e光盘1张
606 0  @a教育事业@x世界
690    @aG521@v4
701  0 @a黄雨三@Ahuang yu san@4主编
801  0 @aCN@bPFT@c20040927
905    @aBZT@dG521@e1-1@f1
    
    现代教育国际创新模式与培育管理制度全集 上/黄雨三主编.-银川:宁夏大地音像出版社,2004.03
    488页;27cm+光盘1张
    
    
    ISBN 7-88619-121-8(精装):CNY266.00
    
●
相关链接 在五车中查询图书 在当当中查询图书 在豆瓣中查询图书


正题名:现代教育国际创新模式与培育管理制度全集 上     索取号:G521/1-1         预约/预借

序号 登录号 条形码 馆藏地/架位号 状态 备注
1 2001741624   2001741624   样本书库/样005架B面5层1列/ [索取号:G521/1-1] 在馆    
山东省滨州职业学院图书馆 欢迎您!
大连网信软件有限公司© 版权所有